| 000 | 01470cam a2200361 4500 | ||
|---|---|---|---|
| 001 | americassewingbo00leys | ||
| 003 | CaSfIA | ||
| 005 | 20210117183810.0 | ||
| 007 | cr|||| | ||
| 008 | 721204s1972 nyua 001 0 eng | ||
| 010 | _a 72001207 | ||
| 040 |
_aDLC _cDLC _dOCLCQ _dBAKER _dBTCTA _dAU@ _dCaSfIA |
||
| 020 | _a0684129736 | ||
| 020 | _a9780684129730 | ||
| 035 | _a(OCoLC)524027 | ||
| 043 | _an-us--- | ||
| 050 | 0 | 0 |
_aTT705 _b.L47 |
| 082 | 4 | _a646.2 | |
| 100 | 1 | _aLey, Sandra. | |
| 245 | 1 | 0 |
_aAmerica's sewing book. _h[electronic resource] _cDrawings by Olga Ley. |
| 260 |
_aNew York, _bScribner _c[1972] |
||
| 300 |
_a416 p. _billus. _c24 cm. |
||
| 650 | 0 | _aSewing. | |
| 650 | 0 |
_aDressmaking _zUnited States. |
|
| 856 | 4 | 1 |
_uhttp://www.archive.org/details/americassewingbo00leys _zFree eBook from the Internet Archive |
| 856 | 4 | 2 |
_uhttp://www.openlibrary.org/books/OL5282864M _zAdditional information and access via Open Library |
| 029 | 1 |
_aNZ1 _b2652975 |
|
| 029 | 1 |
_aAU@ _b000000569222 |
|
| 999 |
_c468264 _d468264 |
||
| 942 | _cEB | ||
| 506 | _fНеобхідна авторизація на https://archive.org/ (створення облікового запису безкоштовно) | ||
| 506 | _fНеобхідна авторизація на https://openlibrary.org/ (створення облікового запису безкоштовно) | ||